<?xml version="1.0" encoding="UTF-8"?>
<collection xmlns:xsi="http://www.w3.org/2001/XMLSchema-instance" xsi:schemaLocation="http://www.loc.gov/MARC21/slim http://www.loc.gov/standards/marcxml/schema/MARC21slim.xsd" xmlns="http://www.loc.gov/MARC21/slim">
 <record>
  <leader>00000cam a22000003a 4500</leader>
  <controlfield tag="001">UP-1685594773861861105</controlfield>
  <controlfield tag="003">Buklod</controlfield>
  <controlfield tag="005">20120130154522.0</controlfield>
  <controlfield tag="006">g||| |     ||   ||</controlfield>
  <controlfield tag="007">ta</controlfield>
  <controlfield tag="008">120130s2012    xx     d     r    |||| u|</controlfield>
  <datafield tag="020" ind1=" " ind2=" ">
   <subfield code="a">9780071316385 (alk. paper : pbk)</subfield>
  </datafield>
  <datafield tag="020" ind1=" " ind2=" ">
   <subfield code="a">0071316388 (alk. paper : pbk)</subfield>
  </datafield>
  <datafield tag="035" ind1=" " ind2=" ">
   <subfield code="a">(iLib)UPBAG-00009055158</subfield>
  </datafield>
  <datafield tag="090" ind1=" " ind2=" ">
   <subfield code="a">QP 34.5</subfield>
   <subfield code="b">S23 2012</subfield>
  </datafield>
  <datafield tag="100" ind1="1" ind2=" ">
   <subfield code="a">Saladin, Kenneth S.</subfield>
  </datafield>
  <datafield tag="245" ind1="1" ind2="0">
   <subfield code="a">Anatomy &amp; physiology</subfield>
   <subfield code="b">the unity of form and function</subfield>
   <subfield code="c">Kenneth S. Saladin.</subfield>
  </datafield>
  <datafield tag="246" ind1="3" ind2=" ">
   <subfield code="a">Anatomy and physiology.</subfield>
  </datafield>
  <datafield tag="250" ind1=" " ind2=" ">
   <subfield code="a">6th ed.</subfield>
  </datafield>
  <datafield tag="264" ind1=" " ind2="1">
   <subfield code="a">New York</subfield>
   <subfield code="b">McGraw-Hill</subfield>
   <subfield code="c">c2012.</subfield>
  </datafield>
  <datafield tag="300" ind1=" " ind2=" ">
   <subfield code="a">xxvi, 1136, [86] p.</subfield>
   <subfield code="b">ill. (chiefly col.)</subfield>
   <subfield code="c">28 cm.</subfield>
  </datafield>
  <datafield tag="500" ind1=" " ind2=" ">
   <subfield code="a">McGraw-Hill international edition.</subfield>
  </datafield>
  <datafield tag="500" ind1=" " ind2=" ">
   <subfield code="a">Includes index.</subfield>
  </datafield>
  <datafield tag="505" ind1="0" ind2=" ">
   <subfield code="a">Pt. 1. Organization of the body. Major themes of anatomy and physiology. Atlas A. General orientation to human anatomy -- The chemistry of life -- Cellular form and function -- Genetics and cellular function -- Histology --Pt. 2. Support and movement. The integumentary system -- Bone tissue -- The skeletal system -- Joints -- The muscular system. Atlas B. Regional and surface anatomy -- Muscular tissue -- Pt. 3. Integration and control. Nervoustissue -- The spinal cord, spinal nerves, and somatic reflexes -- The brain and cranial nerves -- The autonomic nervous system and visceral reflexes -- Sense organs -- The endocrine system -- Pt. 4. Regulation and maintenance.The circulatory system: blood -- The circulatory system: the heart -- The circulatory system: blood vessels and circulation -- The lymphatic and immune systems -- The respiratory system -- The urinary system -- Water, electrolyte, and acid-base balance -- The digestive system-- Nutrition and metabolism -- Pt. 5. Reproduction and development. The male reproductive system -- The female reproductive system -- Human development and aging.</subfield>
  </datafield>
  <datafield tag="650" ind1=" " ind2="0">
   <subfield code="a">Human physiology.</subfield>
  </datafield>
  <datafield tag="650" ind1=" " ind2="0">
   <subfield code="a">Human anatomy.</subfield>
  </datafield>
  <datafield tag="852" ind1="0" ind2=" ">
   <subfield code="a">UPBAG</subfield>
   <subfield code="b">UPBAG-MAIN</subfield>
   <subfield code="h">QP 34.5 S23 2012</subfield>
  </datafield>
  <datafield tag="942" ind1=" " ind2=" ">
   <subfield code="a">Book</subfield>
  </datafield>
 </record>
</collection>
